Disney-Pixar Movies by Years Quiz - Statistics

General Stats
  • This quiz has been taken 159 times
  • The average score is 12 of 20
Answer Stats
Year Movie % Correct
1995 Toy Story | Pocahontas
94%
1998 Mulan | A Bug's Life
74%
1999 Tarzan | Toy Story 2 | Fantasia 2000
73%
2010 Tangled | Toy Story 3
70%
2001 Atlantis: The Lost Empire | Monsters, Inc.
68%
2013 Frozen | Monsters University
68%
2009 Up | The Princess and the Frog
68%
2003 Finding Nemo | Brother Bear
67%
2004 Home on the Range | The Incredibles
64%
2008 Wall-E | Bolt
62%
2016 Moana | Zootopia | Finding Dory
57%
2012 Brave | Wreck-It Ralph
55%
2024 Inside Out 2 | Elio | Moana 2
55%
2007 Meet the Robinsons | Ratatouille
55%
2019 Toy Story 4 | Frozen II
54%
2011 Cars 2 | Winnie the Pooh
52%
2023 Elemental | Wish
52%
2021 Raya and the Last Dragon | Luca | Encanto
52%
2022 Turning Red | Lightyear | Strange World
50%
2018 Incredibles 2 | Ralph Breaks the Internet
46%
No matching quizzes found
Score Distribution
Percent of People with Each Score
Percentile by Number Answered
Your Score History
You have not taken this quiz